The effect of Maritime Command on Land Campaigns since Waterloo
Guardat en:
| Autor principal: | |
|---|---|
| Format: | Llibre |
| Idioma: | anglès |
| Publicat: |
Edimburgo
William Blackwood and Sons
1897
|
| Edició: | 1a. ed |
| Matèries: | |
| Etiquetes: |
Afegir etiqueta
Sense etiquetes, Sigues el primer a etiquetar aquest registre!
|
MARC
| LEADER | 00000nam a2200000 a 4500 | ||
|---|---|---|---|
| 001 | UCJ6880 | ||
| 003 | CL-VaPUC | ||
| 005 | 20240611092515.0 | ||
| 008 | 070124e18970000uk |||||||||||||||||eng|d | ||
| 999 | |c 322982 |d 322980 | ||
| 040 | |c Pontificia Universidad Católica de Valparaíso | ||
| 082 | 0 | 4 | |a 942 |b CAL |2 21 |
| 100 | 0 | |a Callwell, C. E |e author |9 514373 | |
| 245 | 1 | 4 | |a The effect of Maritime Command on Land Campaigns since Waterloo |
| 250 | |a 1a. ed | ||
| 260 | |a Edimburgo |b William Blackwood and Sons |c 1897 | ||
| 300 | |a xv, 380 p | ||
| 500 | |a 8º, tela.- Apostillado.- Anteport.- v. en b.- Port.- v. en b.- Mapas conforme a lo señalado en índice | ||
| 500 | |a With maps and plans | ||
| 583 | |a last modification |c 20171221 02:37:01 |k Rodrigo Vera | ||
| 600 | 0 | 7 | |a PRIMERA ESCUADRA NACIONAL |2 CL-VaPUC |9 514374 |
| 600 | 0 | |a Cochrane, Thomas Alexander |9 438892 | |
| 650 | 0 | |a Guerra de la independencia |9 331979 | |
| 650 | 7 | |a GUERRA NAVAL |2 CL-VaPUC |9 381792 | |
| 650 | 0 | |a Guerras púnicas |9 318990 | |
| 650 | 0 | |a Armada española |9 443148 | |
| 650 | 0 | |a Armada inglesa |9 514375 | |
| 650 | 0 | |a Armada chilena |9 514376 | |
| 650 | 0 | |a Guerra del Pacífico |9 314886 | |
| 650 | 7 | |a GUERRA CIVIL DE 1891 |2 CL-VaPUC |9 408173 | |
| 651 | 0 | |a Alemania |9 255688 | |
| 651 | 0 | |a España |9 254926 | |
| 651 | 0 | |a Francia |9 255157 | |
| 651 | 0 | |a Inglaterra |9 255158 | |
| 651 | 0 | |a Rusia |9 256106 | |
| 651 | 0 | |a Grecia |9 265314 | |
| 651 | 7 | |a TURQUIA |2 CL-VaPUC |9 343267 | |
| 651 | 7 | |a CHILE |2 CL-VaPUC |9 514377 | |
| 651 | 0 | |a Perú |9 256567 | |
| 942 | |c BK |2 ddc | ||
| 945 | |d 20070124 00:00:00 |a rinostro | ||
| 952 | |0 0 |1 0 |4 0 |6 942_000000000000000_CAL_1897 |7 0 |8 X |9 402184 |a FDOBUD |b FDOBUD |d 2019-11-22 |i 1054317 |o 942 CAL 1897 |p 1054317 |r 2019-11-22 |w 2019-11-22 |y BK_X |k BUD | ||